| 000 | 00492nam a2200169Ia 4500 | ||
|---|---|---|---|
| 005 | 20250508161924.0 | ||
| 008 | 008 250505s9999 xx 000 0 eng d | ||
| 037 | _aBooks to be hide in OPAC | ||
| 040 |
_aFEDL _beng _cFEDL |
||
| 041 |
_aeng _2eng |
||
| 084 |
_a378.54, DEL/O _qFEDL |
||
| 245 | 0 | _aFifty-Third annual report : University of Delhi 1975. 2 Vol. | |
| 245 | 0 | _cUNIVIERSITY OF DELHI | |
| 260 | _c1975 | ||
| 942 |
_cHB _h378.54, DEL/O |
||
| 999 |
_c1373237 _d1373237 |
||